Photoshop-Apored Liedtext - Statistiken

Allgemein
  • Dieses Quiz wurde 157 mal gespielt
  • Das Durchschnittsergebnis liegt bei 192 aus 315
Antwortstatistiken
Antwort # % Korrekt
ein f
92%
aus 4 | df | f
90%
dem 5 | d | f
87%
der f
87%
ich f | fd
87%
Ich f
87%
Photoshop d | df | f | +2 others
87%
wie d | df | f | +2 others
87%
auf f
86%
Arme 3
84%
Arme, df | f
84%
einem f
84%
Fenster 6
84%
Typ, f
84%
hat f
83%
mit d | f
83%
Nagelneuer 1
83%
baller 4 | f
82%
Benzer 2 | f
82%
im ff
82%
neue f
82%
Spielplatz f
82%
Sneaker, f
81%
Sneaker f
81%
mk f
80%
Tierpark f
80%
von f
80%
wieder f
80%
8 f
79%
gedealt f
79%
mein f
79%
schon f
79%
trägt f
79%
Wert f
79%
4 f
77%
Lines, f
76%
meine f
76%
so d | df | dfdfg | +2 others
75%
und d | f
73%
seh' f
70%
du f
69%
Bitch, f
67%
sagen f | fd
65%
weiß f
64%
das f
63%
nich' f
62%
scheiß' f
62%
den f
60%
fresh
60%
in f
60%
die d | f
58%
dein' f
56%
dein f
56%
trage f
56%
Apored f
55%
weißt, f
55%
Level f
53%
am f
52%
jetzt d | f
52%
erreichst f
50%
dass f
49%
denn f
48%
shines f
48%
Homojob f
47%
Ladies f | fd
46%
Likes f
46%
mir f
46%
deine f
45%
Es d
44%
es f
44%
Friese ff
44%
gestylt f
44%
Schwester, f
44%
sein f
44%
style, ff
44%
Style f
44%
Insta f
43%
noch f
43%
besser, f
42%
folgt f
42%
KS d
42%
Mic f
42%
will f
42%
dieser f
41%
man f
41%
alles f
40%
nur f
40%
Tesla f
40%
einmal f
39%
ist d | f
39%
jeder f
39%
Robocop df | f
39%
zu f
39%
breite df | f
38%
Hintermann f
38%
Krappi d
38%
Model f
38%
nice f
38%
paar f
38%
wir d
38%
wegen f
37%
werd' f
37%
Instagram f
36%
the f
35%
Life f
34%
riding f
34%
uns f
31%
you, f
31%
Crew d
29%
rappe f
29%
sind ff
29%
zurzeit f
29%
Tattoo, f
26%
than d
26%
ab d
25%
eight f
25%
Fresher d
25%
fresheste d
25%
gut f
25%
Pack d
25%
gehen d
24%
geht f
23%
macht f
23%
mal f
23%
einfach f
22%
YouTube f
22%
everyday f
21%
hab' f
21%
saturday f
21%
bereit, f
20%
euch f
20%
Henna f
20%
ah f
19%
cash f
18%
unser f
18%
Nikes f
17%
Lifestyle f
15%
Likegeil f
15%
Besten f
14%
check' f
13%
smooth, f
13%
Highfive f
12%
Highlife f
11%
grad' f
9%
heftigsten f
9%
gehypt, f
8%
mächtig f
8%
tragen f
6%
trendigsten f
5%
Unsere f
4%
zerreißt f
2%
freshness f
1%
seh´ f
0%
Keine übereinstimmenden Quizze gefunden
Verteilung der Resultate
Anzahl Personen mit jedem Resultat
Perzentil nach korrekt beantworteten Fragen
Ihre Resultats-Entwicklung
Sie haben dieses Quiz noch nicht gespielt